| 000 | 00444nam a2200169 a 4500 | ||
|---|---|---|---|
| 003 | 0 | ||
| 005 | 20170223151650.0 | ||
| 008 | 070806s19uu xx 00 eng d | ||
| 050 |
_aTR(GS 372.4 _bLET 1981 |
||
| 245 |
_aThe letter people :B: _bSkillbook 7. |
||
| 260 |
_aU.S.A : _bWorld book, _c1981. |
||
| 300 | _a13 | ||
| 440 | _aA world book- Childcraft reading readiness program | ||
| 650 | _aReading | ||
| 942 |
_2ddc _cBK |
||
| 999 |
_c105871 _d105871 |
||